000 01562 a2200217 4500
001 20916
005 20260407155500.0
008 260407a2011 arg spa d
003 AR-UNSa-BCEJYS
040 _aAR-UNSa-BCEJYS
_bspa
_cAR-UNSa-BCEJYS
080 _a342
_xDerecho constitucional (Derecho Público)
245 1 0 _aManual de la Constitución Argentina
_pactualizado por docentes integrantes de su cátedra
020 _a978-950-20-2227-7
264 1 _aBuenos Aires :
_bAbeledo Perrot
_c2011
300 _axxxv, 571 p.
_c22 cm.
505 _a1. El poder y la libertad - 2. Constitución - 3. El poder constituyente - 4. Reforma constitucional - 5. Declaraciones, derechos y garantías - 6. Derechos civiles - 7. Derechos civiles (conclusión) - 8. Derechos patrimoniales - 9. Derechos políticos - 10. Derechos sociales - 11. Derechos de tercera generación - 12. Garantías - 13. Restricciones a los derechos - 14. Emergencias - 15. Estructura constitucional del Estado Argentino - 16. Estructura constitucional - 17. Federalismo - 18. Federalismo (conclusión) régimen municipal - 19. Intervención federal - 20. Régimen fiscal y financiero - 21. Poder Legislativo - 22. Atribuciones del Congreso - 23. Poder Ejecutivo - 24. Atribuciones del Poder Ejecutivo - 25. Poder Judicial - 26. Atribuciones del Poder Judicial
942 _cBK
590 _aniveau_biblio:m niveau_hierar:0
100 1 _aEkmekdjian, Miguel Ángel
856 4 1 _uhttps://biblioeco.unsa.edu.ar/pmb/images/libros/Manual de la Constituci?n Argentina.jpg
_yImagen de portada
_qimage/jpeg
999 _c753
_d753